000 00755nam a2200229Ia 4500
003 GCL
008 140319s9999 xx 000 0 ara d
040 _aGCL /
_cGCL
082 0 4 _aق
_b329.02
_bص م
100 1 _aصلاح سالم زرنوقة
245 1 0 _aالمنافسة الحزبية فى مصر 1990-1976 /
_cصلاح سالم زرنوقة
260 _a[S.N] :
_bمركز المحروسة للنشر ،
_c1994
300 _a294 ص
490 _aكتاب المحروسة
_v0
650 0 4 _aمصر
650 0 4 _aالاحوال السياسية
650 0 4 _aالانتخابات
650 0 4 _aالديمقراطية
650 0 4 _aالاحزاب السياسية
650 0 4 _aمصر - الاحزاب السياسية
942 _2ddc
_cBK
999 _c36275
_d36275